000 00746nam0a22002291 4500
001 rc\2862002
005 20250529210659.0
035 _a(NLR Aleph) 007016240
090 _a5864526
_c5864526
100 _a20110711d1928 |||y0rusy50 ca
101 0 _arus
102 _aRU
105 _aa z |||||
200 1 _aРодная быль
_e[Рассказ]
_eС 5 рис.
_fС. Ужгин
210 _aМосква
_aЛенинград
_cГос. изд-во
_d1928
_eМосква
_gтип. "Красный пролетарий"
215 _a32 с.
_cил.
_d17х13 см
700 1 _aУжгин
_bС.С.
_f1882-
_gСемен Семенович
801 0 _aRU
_bNLR
_gpsbo
801 1 _aRU
_bELAR
_2rusmarc
852 _aNLR
_j62/4267
942 _cBOOK
980 _aNB